10 mots dans mots : départements et villes (click quiz) - Statistiques

Statistiques générales
  • Ce quiz a été pris 99 fois
  • Le résultat moyen est 8 sur 10
Statistiques - réponses
Hint Réponse % Correct
T----nobyl Cher
100%
S---t-Etienne Ain
95%
Pont---- Oise
91%
Saint-Cl---- Aude
88%
---sovie Var
85%
M----uge Aube
79%
Yz---- Eure
78%
Char---te Lot
78%
An---- Gers
73%
----anne Gard
52%
Aucun quiz correspondant
Distribution des résultats
% des personnes avec chaque résultat
Percentile par nombre de réponses
Votre historique - résultats
Vous n’avez pas pris ce quiz